000 00389nam a22001697a 4500
005 20160614102615.0
008 160614b xxu||||| |||| 00| 0 eng d
020 _a81-7224-719-2
041 _aeng
082 _b7327
100 _aToropov, Brandon
_91838
245 _aLast Minute Inter View
260 _bJaico Books
_c2010
300 _a121
650 _aManagement
_9241
942 _cBK
999 _c2583
_d2582